000 00677nam a22001937a 4500
005 2012072600320.0
010 _aG-002067
020 _aPA0820080
_c195.00
037 _adpl
_bGift
082 _a921
100 _aSudan, K.K.
_950673
245 _aFace to face with destiny/
_cby K.K. Sudan
260 _aDelhi
_bP & A Enterprises
_c2008
270 _a1580/g-1,Raj Block, Naveen Shahdara
_bDelhi
_e110033
300 _a228 p.
_c22 cm.
942 _2ddc
_cEN
_mSUD
_h921
999 _c68720
_d68720